| 000 | 00854 a2200193 4500 | ||
|---|---|---|---|
| 001 | 54753 | ||
| 005 | 20260407155823.0 | ||
| 008 | 260407a1974 arg spa d | ||
| 003 | AR-UNSa-BCEJYS | ||
| 040 |
_aAR-UNSa-BCEJYS _bspa _cAR-UNSa-BCEJYS |
||
| 080 |
_a314 _xDemografía. Estudios de población |
||
| 245 | 1 | 0 |
_aExplosión poblacional, economía y política _pMalthus, Marx y "Suramérica" |
| 264 | 1 |
_aBuenos Aires : _bEdiciones La Bastilla _c1974 |
|
| 300 |
_a344 p. _c20 cm. |
||
| 505 | _a1. El hecho de la explosión poblacional – 2. Revolución e imperialismo como etapas de desarrollo – 3. Crecimiento poblacional y desarrollo económico – 4. Explosión poblacional y revolución – 5. Que es el control natal – 6. Medidas para la acción. | ||
| 942 | _cBK | ||
| 590 | _aniveau_biblio:m niveau_hierar:0 | ||
| 100 | 1 | _aSagrera, Martín | |
| 999 |
_c5775 _d5775 |
||